[Event "April 9 Early 2024"]
[Site "Chess.com"]
[Date "2024.04.09"]
[Round "9"]
[White "Svane, Rasmus"]
[Black "Caspi, Israel"]
[Result "1-0"]
[Board "25"]
[WhiteFideId "4657101"]
[BlackFideId "2807394"]
[WhiteTitle "GM"]
[BlackTitle "GM"]
[WhiteElo "2893"]
[BlackElo "2706"]
[WhiteTeam "GER"]
[BlackTeam "ISR"]
[WhiteClock "0:00:11"]
[BlackClock "0:00:18"]
[Variant "Standard"]

1. Nf3 {[%clk 0:03:00]}  Nf6 {[%clk 0:02:54]} 2. g3 {[%clk 0:02:59]}  g6 {[%clk 0:02:55]} 3. Bg2 {[%clk 0:02:59]}  Bg7 {[%clk 0:02:56]} 4. O-O {[%clk 0:02:59]}  O-O {[%clk 0:02:56]} 5. d4 {[%clk 0:02:58]}  d6 {[%clk 0:02:57]} 6. Re1 {[%clk 0:02:57]}  d5 {[%clk 0:02:53]} 7. c4 {[%clk 0:02:56]}  c6 {[%clk 0:02:53]} 8. Qb3 {[%clk 0:02:56]}  a5 {[%clk 0:02:53]} 9. cxd5 {[%clk 0:02:41]}  a4 {[%clk 0:02:52]} 10. Qd1 {[%clk 0:02:40]}  cxd5 {[%clk 0:02:51]} 11. Nc3 {[%clk 0:02:39]}  Qa5 {[%clk 0:02:49]} 12. Bd2 {[%clk 0:02:35]}  Nc6 {[%clk 0:02:43]} 13. e3 {[%clk 0:02:31]}  a3 {[%clk 0:02:27]} 14. Qb3 {[%clk 0:02:23]}  axb2 {[%clk 0:02:25]} 15. Qxb2 {[%clk 0:02:24]}  Qa3 {[%clk 0:02:22]} 16. Qxa3 {[%clk 0:02:14]}  Rxa3 {[%clk 0:02:21]} 17. Ne5 {[%clk 0:02:13]}  Nxe5 {[%clk 0:02:13]} 18. dxe5 {[%clk 0:02:07]}  Ne4 {[%clk 0:02:13]} 19. Nxe4 {[%clk 0:01:51]}  dxe4 {[%clk 0:02:13]} 20. Bb4 {[%clk 0:01:43]}  Ra4 {[%clk 0:02:13]} 21. Bxe7 {[%clk 0:01:40]}  Re8 {[%clk 0:02:13]} 22. Bf6 {[%clk 0:01:38]}  Be6 {[%clk 0:01:59]} 23. Reb1 {[%clk 0:01:26]}  Rxa2 {[%clk 0:01:55]} 24. Rxa2 {[%clk 0:01:23]}  Bxa2 {[%clk 0:01:56]} 25. Rxb7 {[%clk 0:01:23]}  Bd5 {[%clk 0:01:47]} 26. Rd7 {[%clk 0:01:14]}  Ba8 {[%clk 0:01:42]} 27. h4 {[%clk 0:01:04]}  h5 {[%clk 0:01:40]} 28. Bf1 {[%clk 0:01:01]}  Bc6 {[%clk 0:01:39]} 29. Rd6 {[%clk 0:00:58]}  Bb7 {[%clk 0:01:21]} 30. Bc4 {[%clk 0:00:52]}  Bc8 {[%clk 0:01:21]} 31. Bd5 {[%clk 0:00:49]}  Bf5 {[%clk 0:01:21]} 32. Rb6 {[%clk 0:00:40]}  Bxf6 {[%clk 0:00:37]} 33. exf6 {[%clk 0:00:38]}  Rd8 {[%clk 0:00:37]} 34. Bb3 {[%clk 0:00:38]}  Rd7 {[%clk 0:00:33]} 35. Rb8+ {[%clk 0:00:26]}  Kh7 {[%clk 0:00:33]} 36. Rf8 {[%clk 0:00:26]}  g5 {[%clk 0:00:29]} 37. hxg5 {[%clk 0:00:25]}  Kg6 {[%clk 0:00:29]} 38. Rg8+ {[%clk 0:00:24]}  Kh7 {[%clk 0:00:29]} 39. Rg7+ {[%clk 0:00:24]}  Kh8 {[%clk 0:00:30]} 40. Rxf7 {[%clk 0:00:20]}  Rd3 {[%clk 0:00:28]} 41. Rf8+ {[%clk 0:00:17]}  Kh7 {[%clk 0:00:28]} 42. f7 {[%clk 0:00:13]}  Bg6 {[%clk 0:00:18]} 43. Rh8+ {[%clk 0:00:11]} 1-0

[Event "April 9 Early 2024"]
[Site "Chess.com"]
[Date "2024.04.09"]
[Round "9"]
[White "Seo, Jung Min"]
[Black "Hayrapetyan, Edgar"]
[Result "1-0"]
[Board "37"]
[WhiteFideId "1734687"]
[BlackFideId "13313568"]
[WhiteTitle "IM"]
[BlackTitle "FM"]
[WhiteElo "2866"]
[BlackElo "2669"]
[WhiteTeam "SWE"]
[BlackTeam "ARM"]
[WhiteClock "0:00:06"]
[BlackClock "0:00:01"]
[Variant "Standard"]

1. Nf3 {[%clk 0:03:00]}  Nf6 {[%clk 0:02:59]} 2. c4 {[%clk 0:03:01]}  e6 {[%clk 0:02:58]} 3. g3 {[%clk 0:03:00]}  d5 {[%clk 0:02:58]} 4. Bg2 {[%clk 0:03:01]}  Be7 {[%clk 0:02:54]} 5. O-O {[%clk 0:03:00]}  O-O {[%clk 0:02:55]} 6. b3 {[%clk 0:03:00]}  b6 {[%clk 0:02:49]} 7. Bb2 {[%clk 0:02:57]}  Bb7 {[%clk 0:02:49]} 8. e3 {[%clk 0:02:57]}  Nbd7 {[%clk 0:02:48]} 9. Qe2 {[%clk 0:02:58]}  c5 {[%clk 0:02:48]} 10. d3 {[%clk 0:02:56]}  Qc7 {[%clk 0:02:44]} 11. Nbd2 {[%clk 0:02:56]}  Rad8 {[%clk 0:02:43]} 12. Rac1 {[%clk 0:02:56]}  Rfe8 {[%clk 0:02:42]} 13. Rfd1 {[%clk 0:02:54]}  Qb8 {[%clk 0:02:41]} 14. Ne1 {[%clk 0:02:51]}  e5 {[%clk 0:02:40]} 15. cxd5 {[%clk 0:02:49]}  Nxd5 {[%clk 0:02:38]} 16. Nc4 {[%clk 0:02:47]}  Bf8 {[%clk 0:02:27]} 17. a3 {[%clk 0:02:42]}  Qa8 {[%clk 0:02:14]} 18. Qc2 {[%clk 0:02:38]}  N5f6 {[%clk 0:02:05]} 19. Bxb7 {[%clk 0:02:30]}  Qxb7 {[%clk 0:02:06]} 20. Qe2 {[%clk 0:02:30]}  b5 {[%clk 0:01:53]} 21. Nd2 {[%clk 0:02:29]}  a6 {[%clk 0:01:44]} 22. Nef3 {[%clk 0:02:19]}  g6 {[%clk 0:01:30]} 23. Ng5 {[%clk 0:02:17]}  Bg7 {[%clk 0:01:27]} 24. Nge4 {[%clk 0:02:10]}  Nxe4 {[%clk 0:01:27]} 25. Nxe4 {[%clk 0:02:10]}  Qb6 {[%clk 0:01:27]} 26. b4 {[%clk 0:02:09]}  cxb4 {[%clk 0:01:18]} 27. axb4 {[%clk 0:02:09]}  Rc8 {[%clk 0:01:17]} 28. Qd2 {[%clk 0:02:02]}  f5 {[%clk 0:01:11]} 29. Nc3 {[%clk 0:02:02]}  Qe6 {[%clk 0:01:09]} 30. Ne2 {[%clk 0:01:43]}  Nb6 {[%clk 0:01:07]} 31. Ba1 {[%clk 0:01:28]}  Bf8 {[%clk 0:01:04]} 32. d4 {[%clk 0:01:23]}  Nc4 {[%clk 0:00:59]} 33. Qe1 {[%clk 0:01:23]}  Qe7 {[%clk 0:00:48]} 34. Bc3 {[%clk 0:01:08]}  exd4 {[%clk 0:00:35]} 35. Nxd4 {[%clk 0:01:08]}  Qe4 {[%clk 0:00:34]} 36. Nb3 {[%clk 0:00:59]}  Bxb4 {[%clk 0:00:22]} 37. Bxb4 {[%clk 0:00:56]}  Ne5 {[%clk 0:00:22]} 38. Nd4 {[%clk 0:00:47]}  Rcd8 {[%clk 0:00:12]} 39. Qf1 {[%clk 0:00:28]}  Rxd4 {[%clk 0:00:11]} 40. exd4 {[%clk 0:00:29]}  Nf3+ {[%clk 0:00:11]} 41. Kh1 {[%clk 0:00:29]}  Nh4+ {[%clk 0:00:09]} 42. f3 {[%clk 0:00:23]}  Nxf3 {[%clk 0:00:10]} 43. Qg2 {[%clk 0:00:23]}  g5 {[%clk 0:00:08]} 44. d5 {[%clk 0:00:22]}  g4 {[%clk 0:00:06]} 45. Bc5 {[%clk 0:00:19]}  Rd8 {[%clk 0:00:05]} 46. d6 {[%clk 0:00:20]}  b4 {[%clk 0:00:05]} 47. d7 {[%clk 0:00:17]}  b3 {[%clk 0:00:05]} 48. Bb6 {[%clk 0:00:15]}  b2 {[%clk 0:00:04]} 49. Bxd8 {[%clk 0:00:14]}  bxc1=Q {[%clk 0:00:05]} 50. Rxc1 {[%clk 0:00:15]}  Qd5 {[%clk 0:00:04]} 51. Bb6 {[%clk 0:00:08]}  Qxd7 {[%clk 0:00:04]} 52. Qa2+ {[%clk 0:00:08]}  Kf8 {[%clk 0:00:03]} 53. Qc4 {[%clk 0:00:07]}  Ne5 {[%clk 0:00:01]} 54. Qc5+ {[%clk 0:00:06]}  Ke8 {[%clk 0:00:01]} 55. Qxe5+ {[%clk 0:00:06]}  Kf7 {[%clk 0:00:01]} 56. Rc7 {[%clk 0:00:06]} 1-0

[Event "April 9 Early 2024"]
[Site "Chess.com"]
[Date "2024.04.09"]
[Round "9"]
[White "Kaliakhmet, Elnaz"]
[Black "Yuan, Qingyu"]
[Result "1/2-1/2"]
[Board "43"]
[WhiteFideId "13730169"]
[BlackFideId "8609772"]
[WhiteTitle "WFM"]
[WhiteElo "2577"]
[BlackElo "2817"]
[WhiteTeam "KAZ"]
[BlackTeam "CHN"]
[WhiteClock "0:00:44"]
[BlackClock "0:00:07"]
[Variant "Standard"]

1. e4 {[%clk 0:03:00]}  c6 {[%clk 0:02:55]} 2. d4 {[%clk 0:03:00]}  d5 {[%clk 0:02:56]} 3. Nc3 {[%clk 0:03:00]}  dxe4 {[%clk 0:02:56]} 4. Nxe4 {[%clk 0:03:01]}  Nf6 {[%clk 0:02:57]} 5. Nxf6+ {[%clk 0:03:01]}  exf6 {[%clk 0:02:58]} 6. Nf3 {[%clk 0:02:59]}  Bd6 {[%clk 0:02:57]} 7. c4 {[%clk 0:02:58]}  O-O {[%clk 0:02:56]} 8. Be3 {[%clk 0:02:54]}  Re8 {[%clk 0:02:42]} 9. Be2 {[%clk 0:02:47]}  Bb4+ {[%clk 0:02:22]} 10. Bd2 {[%clk 0:02:46]}  Qe7 {[%clk 0:02:01]} 11. Bxb4 {[%clk 0:02:38]}  Qxb4+ {[%clk 0:02:02]} 12. Qd2 {[%clk 0:02:39]}  Qd6 {[%clk 0:01:44]} 13. O-O {[%clk 0:02:37]}  Bg4 {[%clk 0:01:44]} 14. h3 {[%clk 0:02:35]}  Bh5 {[%clk 0:01:43]} 15. Rfe1 {[%clk 0:02:30]}  Nd7 {[%clk 0:01:42]} 16. Qc3 {[%clk 0:02:28]}  Nf8 {[%clk 0:01:38]} 17. Rad1 {[%clk 0:02:21]}  Rad8 {[%clk 0:01:36]} 18. d5 {[%clk 0:02:11]}  c5 {[%clk 0:01:27]} 19. Bf1 {[%clk 0:02:08]}  Bxf3 {[%clk 0:01:18]} 20. Qxf3 {[%clk 0:02:07]}  Nd7 {[%clk 0:01:17]} 21. Qa3 {[%clk 0:02:06]}  a6 {[%clk 0:01:15]} 22. Qb3 {[%clk 0:02:05]}  Nb6 {[%clk 0:01:08]} 23. a4 {[%clk 0:02:02]}  Rxe1 {[%clk 0:01:04]} 24. Rxe1 {[%clk 0:02:02]}  Qc7 {[%clk 0:01:05]} 25. a5 {[%clk 0:01:56]}  Nc8 {[%clk 0:01:05]} 26. Qa4 {[%clk 0:01:52]}  Nd6 {[%clk 0:01:04]} 27. b4 {[%clk 0:01:52]}  g6 {[%clk 0:01:01]} 28. Qa3 {[%clk 0:01:41]}  Rc8 {[%clk 0:00:49]} 29. b5 {[%clk 0:01:19]}  Kg7 {[%clk 0:00:41]} 30. b6 {[%clk 0:01:14]}  Qd7 {[%clk 0:00:41]} 31. Re3 {[%clk 0:01:08]}  h5 {[%clk 0:00:40]} 32. h4 {[%clk 0:01:08]}  Nf5 {[%clk 0:00:33]} 33. Re4 {[%clk 0:01:08]}  Qd6 {[%clk 0:00:30]} 34. g3 {[%clk 0:01:05]}  Rd8 {[%clk 0:00:23]} 35. Bh3 {[%clk 0:01:04]}  Nd4 {[%clk 0:00:22]} 36. Qe3 {[%clk 0:01:04]}  Kf8 {[%clk 0:00:15]} 37. Qh6+ {[%clk 0:00:52]}  Kg8 {[%clk 0:00:15]} 38. Qe3 {[%clk 0:00:53]}  Kf8 {[%clk 0:00:14]} 39. Kg2 {[%clk 0:00:53]}  Nc2 {[%clk 0:00:08]} 40. Qd3 {[%clk 0:00:50]}  Nd4 {[%clk 0:00:08]} 41. Kg1 {[%clk 0:00:46]}  Kg7 {[%clk 0:00:07]} 42. Qe3 {[%clk 0:00:44]}  Kf8 {[%clk 0:00:07]} 1/2-1/2

[Event "April 9 Early 2024"]
[Site "Chess.com"]
[Date "2024.04.09"]
[Round "9"]
[White "Klukin, Kirill"]
[Black "Kacharava, Nikolozi"]
[Result "1-0"]
[Board "49"]
[WhiteFideId "24199273"]
[BlackFideId "13611860"]
[WhiteTitle "IM"]
[BlackTitle "GM"]
[WhiteElo "2834"]
[BlackElo "2634"]
[WhiteTeam "RUS"]
[BlackTeam "GEO"]
[WhiteClock "0:00:09"]
[BlackClock "0:00:02"]
[Variant "Standard"]

1. c4 {[%clk 0:03:00]}  e5 {[%clk 0:02:57]} 2. g3 {[%clk 0:03:01]}  g6 {[%clk 0:02:56]} 3. Bg2 {[%clk 0:03:01]}  Bg7 {[%clk 0:02:57]} 4. Nc3 {[%clk 0:03:02]}  Nc6 {[%clk 0:02:57]} 5. e3 {[%clk 0:03:02]}  d6 {[%clk 0:02:53]} 6. Nge2 {[%clk 0:03:02]}  f5 {[%clk 0:02:53]} 7. O-O {[%clk 0:03:00]}  Nf6 {[%clk 0:02:53]} 8. d3 {[%clk 0:02:59]}  O-O {[%clk 0:02:49]} 9. Rb1 {[%clk 0:02:57]}  Be6 {[%clk 0:02:48]} 10. Nd5 {[%clk 0:02:57]}  Rb8 {[%clk 0:02:43]} 11. b3 {[%clk 0:02:53]}  Ne7 {[%clk 0:02:41]} 12. Nxf6+ {[%clk 0:02:53]}  Bxf6 {[%clk 0:02:39]} 13. Bb2 {[%clk 0:02:54]}  g5 {[%clk 0:02:34]} 14. d4 {[%clk 0:02:44]}  Ng6 {[%clk 0:02:27]} 15. dxe5 {[%clk 0:02:39]}  dxe5 {[%clk 0:02:26]} 16. Qxd8 {[%clk 0:02:35]}  Rfxd8 {[%clk 0:02:25]} 17. Rfd1 {[%clk 0:02:36]}  c6 {[%clk 0:02:19]} 18. Nc3 {[%clk 0:01:57]}  Kf7 {[%clk 0:01:51]} 19. Kf1 {[%clk 0:01:47]}  g4 {[%clk 0:01:39]} 20. f4 {[%clk 0:01:36]}  e4 {[%clk 0:01:23]} 21. Ke1 {[%clk 0:01:36]}  h5 {[%clk 0:01:21]} 22. c5 {[%clk 0:01:03]}  h4 {[%clk 0:01:19]} 23. Ne2 {[%clk 0:01:02]}  Rxd1+ {[%clk 0:01:12]} 24. Kxd1 {[%clk 0:01:02]}  Rd8+ {[%clk 0:01:06]} 25. Bd4 {[%clk 0:00:54]}  Rh8 {[%clk 0:00:50]} 26. Ke1 {[%clk 0:00:50]}  Ne7 {[%clk 0:00:49]} 27. Kf2 {[%clk 0:00:45]}  Nd5 {[%clk 0:00:47]} 28. Bf1 {[%clk 0:00:45]}  Bxd4 {[%clk 0:00:43]} 29. Nxd4 {[%clk 0:00:45]}  hxg3+ {[%clk 0:00:43]} 30. hxg3 {[%clk 0:00:39]}  Rh2+ {[%clk 0:00:43]} 31. Bg2 {[%clk 0:00:32]}  Nxe3 {[%clk 0:00:42]} 32. Kxe3 {[%clk 0:00:33]}  Rxg2 {[%clk 0:00:42]} 33. Ne2 {[%clk 0:00:34]}  Rh2 {[%clk 0:00:41]} 34. Rd1 {[%clk 0:00:29]}  Bd5 {[%clk 0:00:41]} 35. Nc3 {[%clk 0:00:21]}  Ke6 {[%clk 0:00:36]} 36. Ne2 {[%clk 0:00:21]}  b6 {[%clk 0:00:33]} 37. b4 {[%clk 0:00:20]}  Kf7 {[%clk 0:00:18]} 38. Rd2 {[%clk 0:00:20]}  Rh1 {[%clk 0:00:15]} 39. Nc3 {[%clk 0:00:20]}  Ke6 {[%clk 0:00:10]} 40. Ne2 {[%clk 0:00:18]}  Ra1 {[%clk 0:00:09]} 41. Nd4+ {[%clk 0:00:14]}  Kf6 {[%clk 0:00:06]} 42. Rh2 {[%clk 0:00:15]}  Kg6 {[%clk 0:00:03]} 43. cxb6 {[%clk 0:00:04]}  axb6 {[%clk 0:00:04]} 44. Rc2 {[%clk 0:00:05]}  Rxa2 {[%clk 0:00:04]} 45. Rxa2 {[%clk 0:00:06]}  Bxa2 {[%clk 0:00:05]} 46. Nxc6 {[%clk 0:00:07]}  Kf6 {[%clk 0:00:05]} 47. Kd4 {[%clk 0:00:07]}  Ke6 {[%clk 0:00:05]} 48. Ne5 {[%clk 0:00:05]}  Bd5 {[%clk 0:00:04]} 49. Ng6 {[%clk 0:00:04]}  b5 {[%clk 0:00:03]} 50. Ne5 {[%clk 0:00:05]}  Bb3 {[%clk 0:00:03]} 51. Nc6 {[%clk 0:00:04]}  Bc4 {[%clk 0:00:03]} 52. Nd8+ {[%clk 0:00:04]}  Kd7 {[%clk 0:00:02]} 53. Nb7 {[%clk 0:00:05]}  Kc7 {[%clk 0:00:02]} 54. Nc5 {[%clk 0:00:05]}  Kd6 {[%clk 0:00:02]} 55. Nb7+ {[%clk 0:00:05]}  Kc7 {[%clk 0:00:02]} 56. Nc5 {[%clk 0:00:05]}  Kc6 {[%clk 0:00:03]} 57. Na6 {[%clk 0:00:05]}  Be6 {[%clk 0:00:03]} 58. Nc5 {[%clk 0:00:03]}  Bc8 {[%clk 0:00:03]} 59. Nb3 {[%clk 0:00:03]}  Bd7 {[%clk 0:00:03]} 60. Nd2 {[%clk 0:00:04]}  Be6 {[%clk 0:00:03]} 61. Nf1 {[%clk 0:00:05]}  Bc4 {[%clk 0:00:03]} 62. Ne3 {[%clk 0:00:05]}  Bd3 {[%clk 0:00:03]} 63. Nxf5 {[%clk 0:00:05]}  Kd7 {[%clk 0:00:02]} 64. Ne3 {[%clk 0:00:06]}  Be2 {[%clk 0:00:02]} 65. Kxe4 {[%clk 0:00:06]}  Ke6 {[%clk 0:00:03]} 66. f5+ {[%clk 0:00:06]}  Kf6 {[%clk 0:00:03]} 67. Kf4 {[%clk 0:00:07]}  Bd3 {[%clk 0:00:03]} 68. Nxg4+ {[%clk 0:00:07]}  Kf7 {[%clk 0:00:04]} 69. Ne5+ {[%clk 0:00:08]}  Kf6 {[%clk 0:00:02]} 70. Nxd3 {[%clk 0:00:09]} 1-0

[Event "April 9 Early 2024"]
[Site "Chess.com"]
[Date "2024.04.09"]
[Round "9"]
[White "Brodsky, David"]
[Black "Rendle, Thomas E"]
[Result "0-1"]
[Board "51"]
[WhiteFideId "2073250"]
[BlackFideId "408760"]
[WhiteTitle "GM"]
[BlackTitle "IM"]
[WhiteElo "2789"]
[BlackElo "2626"]
[WhiteTeam "USA"]
[BlackTeam "ENG"]
[WhiteClock "0:00:02"]
[BlackClock "0:00:07"]
[Variant "Standard"]

1. d4 {[%clk 0:03:00]}  Nf6 {[%clk 0:02:57]} 2. c4 {[%clk 0:03:00]}  e6 {[%clk 0:02:57]} 3. Nf3 {[%clk 0:03:00]}  Bb4+ {[%clk 0:02:57]} 4. Bd2 {[%clk 0:03:00]}  Qe7 {[%clk 0:02:57]} 5. g3 {[%clk 0:02:59]}  Nc6 {[%clk 0:02:55]} 6. Bg2 {[%clk 0:02:59]}  Bxd2+ {[%clk 0:02:53]} 7. Nbxd2 {[%clk 0:02:57]}  d6 {[%clk 0:02:49]} 8. O-O {[%clk 0:02:57]}  O-O {[%clk 0:02:49]} 9. e4 {[%clk 0:02:56]}  e5 {[%clk 0:02:48]} 10. d5 {[%clk 0:02:57]}  Nb8 {[%clk 0:02:39]} 11. b4 {[%clk 0:02:53]}  a5 {[%clk 0:02:36]} 12. a3 {[%clk 0:02:51]}  b6 {[%clk 0:02:14]} 13. Qc2 {[%clk 0:02:48]}  Bg4 {[%clk 0:02:02]} 14. Rfc1 {[%clk 0:02:44]}  Nbd7 {[%clk 0:01:57]} 15. Ne1 {[%clk 0:02:43]}  Bh5 {[%clk 0:01:51]} 16. Nb3 {[%clk 0:01:57]}  a4 {[%clk 0:01:44]} 17. Nd2 {[%clk 0:01:56]}  Bg6 {[%clk 0:01:44]} 18. Nd3 {[%clk 0:01:53]}  Ng4 {[%clk 0:01:30]} 19. h3 {[%clk 0:01:45]}  Nh6 {[%clk 0:01:29]} 20. c5 {[%clk 0:01:44]}  bxc5 {[%clk 0:01:20]} 21. bxc5 {[%clk 0:01:43]}  f5 {[%clk 0:01:21]} 22. cxd6 {[%clk 0:01:38]}  cxd6 {[%clk 0:01:22]} 23. Qc7 {[%clk 0:01:34]}  Nf7 {[%clk 0:01:13]} 24. Nb4 {[%clk 0:01:27]}  Qg5 {[%clk 0:00:47]} 25. Nf3 {[%clk 0:01:18]}  Qd8 {[%clk 0:00:47]} 26. Qxd8 {[%clk 0:01:11]}  Rfxd8 {[%clk 0:00:40]} 27. Nc6 {[%clk 0:01:10]}  Re8 {[%clk 0:00:39]} 28. Nd2 {[%clk 0:01:08]}  Nc5 {[%clk 0:00:37]} 29. Rab1 {[%clk 0:00:38]}  fxe4 {[%clk 0:00:31]} 30. Rb6 {[%clk 0:00:28]}  Kh8 {[%clk 0:00:26]} 31. Re1 {[%clk 0:00:16]}  Ng5 {[%clk 0:00:14]} 32. h4 {[%clk 0:00:16]}  Nf3+ {[%clk 0:00:14]} 33. Nxf3 {[%clk 0:00:12]}  exf3 {[%clk 0:00:15]} 34. Bxf3 {[%clk 0:00:13]}  Rf8 {[%clk 0:00:14]} 35. Bg2 {[%clk 0:00:12]}  Nd3 {[%clk 0:00:13]} 36. Re2 {[%clk 0:00:12]}  Bh5 {[%clk 0:00:12]} 37. Rd2 {[%clk 0:00:12]}  Nc5 {[%clk 0:00:12]} 38. Nb4 {[%clk 0:00:08]}  Rad8 {[%clk 0:00:12]} 39. Rc2 {[%clk 0:00:07]}  Bg6 {[%clk 0:00:11]} 40. Rb2 {[%clk 0:00:06]}  e4 {[%clk 0:00:10]} 41. Nc6 {[%clk 0:00:06]}  Rde8 {[%clk 0:00:10]} 42. Re2 {[%clk 0:00:05]}  Bh5 {[%clk 0:00:10]} 43. Re3 {[%clk 0:00:05]}  Rf5 {[%clk 0:00:08]} 44. Rxe4 {[%clk 0:00:04]}  Nxe4 {[%clk 0:00:08]} 45. Bxe4 {[%clk 0:00:02]}  Rxe4 {[%clk 0:00:07]} 0-1

[Event "April 9 Early 2024"]
[Site "Chess.com"]
[Date "2024.04.09"]
[Round "9"]
[White "Kubicka, Anna"]
[Black "Nigalidze, Gaioz"]
[Result "0-1"]
[Board "61"]
[WhiteFideId "1152254"]
[BlackFideId "13603078"]
[WhiteTitle "WIM"]
[BlackTitle "IM"]
[WhiteElo "2523"]
[BlackElo "2722"]
[WhiteTeam "POL"]
[BlackTeam "GEO"]
[WhiteClock "0:00:00"]
[BlackClock "0:00:22"]
[Variant "Standard"]

1. e4 {[%clk 0:03:00]}  e5 {[%clk 0:02:59]} 2. Nf3 {[%clk 0:02:59]}  Nc6 {[%clk 0:03:00]} 3. Bc4 {[%clk 0:02:58]}  Nf6 {[%clk 0:02:57]} 4. d3 {[%clk 0:02:58]}  Bc5 {[%clk 0:02:56]} 5. a4 {[%clk 0:02:57]}  d6 {[%clk 0:02:53]} 6. h3 {[%clk 0:02:55]}  h6 {[%clk 0:02:53]} 7. Nc3 {[%clk 0:02:54]}  O-O {[%clk 0:02:52]} 8. O-O {[%clk 0:02:54]}  a6 {[%clk 0:02:49]} 9. Nd5 {[%clk 0:02:41]}  Nxd5 {[%clk 0:02:47]} 10. Bxd5 {[%clk 0:02:41]}  Be6 {[%clk 0:02:47]} 11. Be3 {[%clk 0:02:35]}  Bxe3 {[%clk 0:02:37]} 12. fxe3 {[%clk 0:02:32]}  Bxd5 {[%clk 0:02:37]} 13. exd5 {[%clk 0:02:33]}  Ne7 {[%clk 0:02:37]} 14. e4 {[%clk 0:02:31]}  f5 {[%clk 0:02:30]} 15. c4 {[%clk 0:02:20]}  fxe4 {[%clk 0:02:18]} 16. dxe4 {[%clk 0:02:21]}  Ng6 {[%clk 0:02:13]} 17. Qb3 {[%clk 0:02:09]}  b6 {[%clk 0:02:06]} 18. a5 {[%clk 0:02:07]}  Rb8 {[%clk 0:02:06]} 19. axb6 {[%clk 0:01:53]}  Rxb6 {[%clk 0:02:07]} 20. Qc2 {[%clk 0:01:53]}  Nf4 {[%clk 0:02:01]} 21. Rf2 {[%clk 0:01:39]}  Qe7 {[%clk 0:01:49]} 22. Raf1 {[%clk 0:01:23]}  Rfb8 {[%clk 0:01:45]} 23. Rb1 {[%clk 0:00:37]}  Rb3 {[%clk 0:01:43]} 24. Nd2 {[%clk 0:00:30]}  Rg3 {[%clk 0:01:26]} 25. Kh2 {[%clk 0:00:20]}  Qh4 {[%clk 0:01:03]} 26. Nf1 {[%clk 0:00:11]}  Nxh3 {[%clk 0:00:29]} 27. Nxg3 {[%clk 0:00:07]}  Nxf2+ {[%clk 0:00:29]} 28. Kg1 {[%clk 0:00:07]}  Ng4 {[%clk 0:00:30]} 29. Nf1 {[%clk 0:00:05]}  Rf8 {[%clk 0:00:27]} 30. Qc3 {[%clk 0:00:00]}  Rxf1+ {[%clk 0:00:22]} 0-1

[Event "April 9 Early 2024"]
[Site "Chess.com"]
[Date "2024.04.09"]
[Round "9"]
[White "Gurvich, Vitaly"]
[Black "Marin Ferragut, Pau"]
[Result "1/2-1/2"]
[Board "63"]
[WhiteFideId "24164852"]
[BlackFideId "54716020"]
[WhiteTitle "FM"]
[BlackTitle "CM"]
[WhiteElo "2715"]
[BlackElo "2503"]
[WhiteTeam "RUS"]
[BlackTeam "ESP"]
[WhiteClock "0:00:14"]
[BlackClock "0:00:04"]
[Variant "Standard"]

1. e4 {[%clk 0:03:00]}  c6 {[%clk 0:02:59]} 2. d4 {[%clk 0:02:58]}  d5 {[%clk 0:03:00]} 3. exd5 {[%clk 0:02:59]}  cxd5 {[%clk 0:03:01]} 4. Bd3 {[%clk 0:02:59]}  Nc6 {[%clk 0:03:01]} 5. c3 {[%clk 0:02:59]}  Nf6 {[%clk 0:03:01]} 6. h3 {[%clk 0:02:58]}  e5 {[%clk 0:02:59]} 7. dxe5 {[%clk 0:02:58]}  Nxe5 {[%clk 0:02:59]} 8. Nf3 {[%clk 0:02:59]}  Nxd3+ {[%clk 0:02:58]} 9. Qxd3 {[%clk 0:03:00]}  Bd6 {[%clk 0:02:58]} 10. Bg5 {[%clk 0:03:00]}  h6 {[%clk 0:02:56]} 11. Bxf6 {[%clk 0:02:59]}  Qxf6 {[%clk 0:02:56]} 12. O-O {[%clk 0:03:00]}  O-O {[%clk 0:02:53]} 13. Nbd2 {[%clk 0:03:00]}  Bf5 {[%clk 0:02:38]} 14. Qd4 {[%clk 0:02:48]}  Qxd4 {[%clk 0:02:18]} 15. Nxd4 {[%clk 0:02:49]}  Bg6 {[%clk 0:02:18]} 16. Rfe1 {[%clk 0:02:48]}  Rfe8 {[%clk 0:02:15]} 17. a4 {[%clk 0:02:44]}  a6 {[%clk 0:02:08]} 18. a5 {[%clk 0:02:39]}  Bc5 {[%clk 0:01:51]} 19. N2b3 {[%clk 0:02:38]}  Ba7 {[%clk 0:01:51]} 20. f3 {[%clk 0:02:36]}  Bd3 {[%clk 0:01:29]} 21. Kf2 {[%clk 0:02:30]}  f5 {[%clk 0:01:27]} 22. Ra4 {[%clk 0:02:08]}  b5 {[%clk 0:00:33]} 23. axb6 {[%clk 0:01:55]}  Bxb6 {[%clk 0:00:33]} 24. Rxe8+ {[%clk 0:01:50]}  Rxe8 {[%clk 0:00:32]} 25. Nc1 {[%clk 0:01:51]}  Bb5 {[%clk 0:00:27]} 26. Ra2 {[%clk 0:01:50]}  Bxd4+ {[%clk 0:00:26]} 27. cxd4 {[%clk 0:01:49]}  f4 {[%clk 0:00:24]} 28. b4 {[%clk 0:01:41]}  Rc8 {[%clk 0:00:21]} 29. Nb3 {[%clk 0:01:33]}  Rc4 {[%clk 0:00:20]} 30. Nc5 {[%clk 0:01:30]}  Rxb4 {[%clk 0:00:18]} 31. Nxa6 {[%clk 0:01:26]}  Bc4 {[%clk 0:00:18]} 32. Ra1 {[%clk 0:01:22]}  Rb2+ {[%clk 0:00:18]} 33. Kg1 {[%clk 0:01:21]}  Rd2 {[%clk 0:00:18]} 34. Nc5 {[%clk 0:01:20]}  Rxd4 {[%clk 0:00:16]} 35. Ra7 {[%clk 0:01:20]}  Rd1+ {[%clk 0:00:15]} 36. Kh2 {[%clk 0:01:20]}  Rd2 {[%clk 0:00:12]} 37. Ne6 {[%clk 0:01:17]}  g5 {[%clk 0:00:12]} 38. Kg1 {[%clk 0:00:54]}  Rd1+ {[%clk 0:00:10]} 39. Kh2 {[%clk 0:00:54]}  d4 {[%clk 0:00:10]} 40. Nc5 {[%clk 0:00:54]}  d3 {[%clk 0:00:10]} 41. Rd7 {[%clk 0:00:54]}  Bb5 {[%clk 0:00:04]} 42. Rd6 {[%clk 0:00:52]}  Bc4 {[%clk 0:00:05]} 43. Ne4 {[%clk 0:00:48]}  Re1 {[%clk 0:00:05]} 44. h4 {[%clk 0:00:46]}  gxh4 {[%clk 0:00:04]} 45. Kh3 {[%clk 0:00:46]}  Kg7 {[%clk 0:00:04]} 46. Kxh4 {[%clk 0:00:45]}  Re2 {[%clk 0:00:04]} 47. Kh3 {[%clk 0:00:41]}  Re1 {[%clk 0:00:02]} 48. Kg4 {[%clk 0:00:41]}  Re2 {[%clk 0:00:02]} 49. Kxf4 {[%clk 0:00:41]}  Rxg2 {[%clk 0:00:02]} 50. Nf6 {[%clk 0:00:36]}  d2 {[%clk 0:00:02]} 51. Ne4 {[%clk 0:00:36]}  d1=Q {[%clk 0:00:02]} 52. Rxd1 {[%clk 0:00:36]}  Rg6 {[%clk 0:00:03]} 53. Rd7+ {[%clk 0:00:35]}  Bf7 {[%clk 0:00:03]} 54. Ke3 {[%clk 0:00:31]}  Re6 {[%clk 0:00:03]} 55. Kf4 {[%clk 0:00:25]}  Kg6 {[%clk 0:00:04]} 56. Ng3 {[%clk 0:00:22]}  Ra6 {[%clk 0:00:04]} 57. Rb7 {[%clk 0:00:20]}  Ra4+ {[%clk 0:00:04]} 58. Ke3 {[%clk 0:00:20]}  Ra3+ {[%clk 0:00:05]} 59. Ke2 {[%clk 0:00:18]}  Rxf3 {[%clk 0:00:04]} 60. Kxf3 {[%clk 0:00:12]}  Bd5+ {[%clk 0:00:04]} 61. Kg4 {[%clk 0:00:13]}  Bxb7 {[%clk 0:00:05]} 62. Kh4 {[%clk 0:00:14]}  h5 {[%clk 0:00:04]} 63. Nxh5 {[%clk 0:00:14]} 1/2-1/2